000 00400nam a2200169Ia 4500
008 230711s9999||||xx |||||||||||||| ||und||
020 _a978-93-86700-36-0
041 _aENG
082 _a615.19015
_bKU-P
100 _aKumar,Puspendra
245 0 _aPharmaceutical Analysis
250 _a2nd Ed.
260 _c2014
_aPune
_bNirali Prakashan
300 _a9.18p.
650 _aPharmacy
942 _cBK
999 _c7323
_d7323